Algebra
Đã lưu trong:
| Tác giả chính: | |
|---|---|
| Định dạng: | Sách |
| Ngôn ngữ: | Tiếng Anh |
| Được phát hành: |
Nueva York
Springer-Verlag
1976
|
| Loạt: | Undergraduate Texts in Mathematics
|
| Những chủ đề: | |
| Các nhãn: |
Thêm thẻ
Không có thẻ, Là người đầu tiên thẻ bản ghi này!
|
MARC
| LEADER | 00000nam a2200000 a 4500 | ||
|---|---|---|---|
| 001 | UCP1397 | ||
| 003 | CL-VaPUC | ||
| 008 | 990409e19760000US |||||||||||||||||eng|d | ||
| 082 | 0 | 4 | |a 512.02 |b SIG |2 21 |
| 100 | 0 | |a Sigler, Laurence Edward |e author |9 427426 | |
| 245 | 1 | 0 | |a Algebra |
| 300 | |a 419 p | ||
| 942 | |c BK | ||
| 945 | |d 19990409 00:00:00 |a crobeson | ||
| 260 | |a Nueva York |b Springer-Verlag |c 1976 | ||
| 650 | 0 | |a Álgebra |9 259567 | |
| 650 | 0 | |a Teoría de números |9 265327 | |
| 650 | 0 | |a Números enteros |9 357374 | |
| 650 | 0 | |a Álgebra lineal |9 260445 | |
| 650 | 0 | |a Factorización |9 369380 | |
| 583 | |a last modification |c 19990409 00:00:00 |k Rodrigo Vera | ||
| 490 | 0 | |a Undergraduate Texts in Mathematics | |
| 999 | |c 280077 |d 280075 | ||
| 952 | |0 0 |1 0 |4 0 |6 512_020000000000000_SIG_1976 |7 0 |8 A |9 320074 |a BIBMAT |b BIBMAT |d 2019-11-20 |i 1340425 |o 512.02 SIG 1976 |p 1340425 |r 2025-01-07 |w 2019-11-20 |y BK |k MAT | ||